| Tag |
First Indicator |
Second Indicator |
Subfields |
| LEADER |
00000cam a2200000 i 4500 |
| 001 |
in00000046004 |
| 005 |
20151007065255.0 |
| 008 |
800527s1971 nyua j 00010 eng d |
| 035 |
|
|
|a (OCoLC)06362638
|
| 035 |
|
|
|9 AAE1655AM
|
| 040 |
|
|
|a TXA
|c TXA
|d UtOrBLW
|
| 049 |
|
|
|a [Curr Col] TXAM
|c [1558626]
|
| 090 |
|
|
|a H95
|b .Z65
|
| 100 |
1 |
|
|a Zolotow, Charlotte,
|d 1915-2013.
|
| 245 |
1 |
0 |
|a Here we are /
|c by Charlotte Zolotow ; illustrated by Robert Quackenbush.
|
| 264 |
|
1 |
|a New York :
|b Macmillan,
|c [1971]
|
| 264 |
|
4 |
|c ©1971
|
| 300 |
|
|
|a 160 pages :
|b color illustrations ;
|c 29 cm.
|
| 336 |
|
|
|a text
|b txt
|2 rdacontent
|
| 337 |
|
|
|a unmediated
|b n
|2 rdamedia
|
| 338 |
|
|
|a volume
|b nc
|2 rdacarrier
|
| 490 |
1 |
|
|a Social studies, focus on active learning
|
| 500 |
|
|
|a "Pages 5 to 128 also published as You and me."
|
| 500 |
|
|
|a Gr. 1.
|
| 650 |
|
0 |
|a Social sciences
|v Juvenile literature.
|
| 700 |
1 |
|
|a Quackenbush, Robert,
|d 1929-
|
| 830 |
|
0 |
|a Social studies, focus on active learning.
|
| 999 |
|
|
|a MARS
|
| 999 |
f |
f |
|s 9f2f0f63-8c94-3945-84b3-7bbdab3c9418
|i 20b6c947-679a-3b2d-a123-c6e53fc49efa
|t 0
|
| 952 |
f |
f |
|p ric
|a Texas A&M University
|b Rellis Campus
|c Joint Library Facility
|d Remote Storage
|t 0
|e H95 .Z65
|h Library of Congress classification
|i unmediated -- volume
|m A14800217117
|
| 998 |
f |
f |
|a H95 .Z65
|t 0
|l Remote Storage
|